000 00401nam a2200133Ia 4500
008 220217s9999||||xx |||||||||||||| ||und||
020 _a0-07-463954-4
082 _a004.165 VEK
100 _aVenkataramani, B Somaskandan, P
245 0 _aMicroprocessors and peripherals: through objective questions
260 _aTata mcgraw hill
_bNew Delhi
_c2004
300 _b175
650 _aMICROPROCESSOR
999 _c173077
_d173077